National Infrastructure Plan 2014. (Record no. 115388)
[ view plain ]
| 000 -LEADER | |
|---|---|
| fixed length control field | 01161cad a22001935a 4500 |
| 001 - CONTROL NUMBER | |
| control field | L158569 |
| 008 - FIXED-LENGTH DATA ELEMENTS--GENERAL INFORMATION | |
| fixed length control field | 150428s2015 xxk f 000 0 eng d |
| 035 ## - SYSTEM CONTROL NUMBER | |
| System control number | (Sirsi) u158569 |
| 041 0# - LANGUAGE CODE | |
| Language code of text/sound track or separate title | eng |
| 110 2# - MAIN ENTRY--CORPORATE NAME | |
| Corporate name or jurisdiction name as entry element | United Kingdom |
| Subordinate unit | HM Treasury |
| 245 00 - TITLE STATEMENT | |
| Title | National Infrastructure Plan 2014. |
| 260 ## - PUBLICATION, DISTRIBUTION, ETC. | |
| Place of publication, distribution, etc. | London |
| Name of publisher, distributor, etc. | HM Treasury |
| Date of publication, distribution, etc. | 2014 |
| 520 ## - SUMMARY, ETC. | |
| Summary, etc. | Shows the government?s progress on infrastructure delivery and presents an overview of its policies and investments in this area since 2010. Identifies that over 2 500 different projects or schemes have been delivered in this Parliament. It also details the government?s approach to ensuring that the top 40 priority investments remain on track to deliver, as well as providing the latest detail on the timing, funding and status of each of them. Also includes detailed delivery plans to 2020 in key economic infrastructure sectors. |
| 590 ## - LOCAL NOTE (RLIN) | |
| Local note | KA |
| 651 #4 - SUBJECT ADDED ENTRY--GEOGRAPHIC NAME | |
| Geographic name | United Kingdom |
| 690 ## - LOCAL SUBJECT ADDED ENTRY--TOPICAL TERM (OCLC, RLIN) | |
| Topical term or geographic name as entry element | Infrastructure |
| 9 (RLIN) | 6246 |
| 856 40 - ELECTRONIC LOCATION AND ACCESS | |
| Uniform Resource Identifier | <a href="https://www.gov.uk/government/uploads/system/uploads/attachment_data/file/381884/2902895_NationalInfrastructurePlan2014_acc.pdf">https://www.gov.uk/government/uploads/system/uploads/attachment_data/file/381884/2902895_NationalInfrastructurePlan2014_acc.pdf</a> |
| Public note | View the item free of charge at www.gov.uk |
| 942 ## - ADDED ENTRY ELEMENTS (KOHA) | |
| Suppress in OPAC | 0 |
| Withdrawn status | Lost status | Source of classification or shelving scheme | Damaged status | Not for loan | Home library | Current library | Shelving location | Date acquired | Total Checkouts | Full call number | Barcode | Date last seen | Copy number | Price effective from | Koha item type |
|---|---|---|---|---|---|---|---|---|---|---|---|---|---|---|---|
| Dewey Decimal Classification | Virtual | Virtual | Online | 28/04/2015 | ONLINE PUBLICATION | 158569-2001 | 06/08/2019 | 1 | 06/08/2019 | Book |